[Event "24. Aberto Xadrez Albariño"]
[Site "Cambados ESP"]
[Date "2008.08.07"]
[Round "7.9"]
[White "Garcia Castro, Pablo"]
[Black "Guijarro Arca, Basilio"]
[Result "1-0"]
[WhiteElo "2390"]
[BlackElo "1915"]
[PlyCount "35"]
[EventDate "2008.08.01"]
[EventType "swiss"]
[EventRounds "9"]
[EventCountry "ESP"]
[Source "lmi"]
[SourceDate "2008.08.01"]

1. g3 g6 2. Bg2 Bg7 3. e4 c5 4. d3 Nc6 5. Nc3 Nf6 6. h3 a6 7. g4 d6 8. f4 e6 9.
Nge2 h6 10. O-O Qc7 11. Be3 Nd7 12. f5 b6 13. Qd2 Bb7 14. Nf4 Nd4 15. fxg6
O-O-O 16. gxf7 Nf8 17. Nh5 Rh7 18. Rf2 1-0

[Event "24. Aberto Xadrez Albariño"]
[Site "Cambados ESP"]
[Date "2008.08.07"]
[Round "7.10"]
[White "Permuy Lorenzo, Carlos Javier"]
[Black "Gonzalez Trigal, Jose Luis"]
[Result "1/2-1/2"]
[WhiteElo "2335"]
[BlackElo "1992"]
[PlyCount "85"]
[EventDate "2008.08.01"]
[EventType "swiss"]
[EventRounds "9"]
[EventCountry "ESP"]
[Source "lmi"]
[SourceDate "2008.08.01"]

1. e4 c6 2. d4 d5 3. f3 dxe4 4. fxe4 e5 5. Nf3 Be6 6. c3 Nf6 7. Bd3 Nbd7 8. O-O
Bg4 9. Qb3 Nc5 10. dxc5 Qxd3 11. Rd1 Bxc5+ 12. Kh1 Qb5 13. Qxb5 cxb5 14. Re1
Nd7 15. Be3 Bxf3 16. gxf3 Bxe3 17. Rxe3 Ke7 18. Na3 a6 19. c4 bxc4 20. Nxc4
Rac8 21. Rc3 Rc6 22. Rd1 f6 23. Rcd3 Rd8 24. Ne3 Ke6 25. Nd5 Rdc8 26. Nf4+ exf4
27. Rxd7 R8c7 28. R7d2 Rc2 29. Kg2 g5 30. h4 h5 31. Kh3 Rxd2 32. Rxd2 Rg7 33.
Rd5 Rg8 34. a4 Rg7 35. a5 gxh4 36. Kxh4 Rg2 37. Rxh5 Rxb2 38. Kg4 Rb5 39. Rh7
Ke5 40. Rh5+ Ke6 41. Rh7 Ke5 42. Rh6 Ke6 43. Rh7 1/2-1/2

[Event "24. Aberto Xadrez Albariño"]
[Site "Cambados ESP"]
[Date "2008.08.07"]
[Round "7.11"]
[White "Rodriguez Gonzalez, Alex"]
[Black "Torrado Quintela, Julio"]
[Result "0-1"]
[WhiteElo "2022"]
[BlackElo "2245"]
[PlyCount "204"]
[EventDate "2008.08.01"]
[EventType "swiss"]
[EventRounds "9"]
[EventCountry "ESP"]
[Source "lmi"]
[SourceDate "2008.08.01"]

1. e4 c5 2. Nc3 Nc6 3. f4 g6 4. Nf3 Bg7 5. Bb5 Nd4 6. O-O Nxb5 7. Nxb5 d5 8.
exd5 a6 9. Nc3 Nf6 10. d4 Nxd5 11. dxc5 Nxc3 12. Qxd8+ Kxd8 13. bxc3 Bxc3 14.
Rb1 Kc7 15. Rb3 Bg7 16. Bd2 a5 17. Rfb1 a4 18. Rb5 Ra6 19. Ba5+ Kc6 20. Ne5+
Bxe5 21. fxe5 Be6 22. a3 Bc4 23. Rb6+ Kxc5 24. Rxa6 Bxa6 25. Bb4+ Kd5 26. Bxe7
Kxe5 27. Bb4 Rc8 28. c3 Bc4 29. Kf2 Rd8 30. Re1+ Kf5 31. h4 Rd2+ 32. Kg3 h5 33.
Bc5 Bd5 34. Rf1+ Ke6 35. Re1+ Kf5 36. Rf1+ Ke6 37. Re1+ Kd7 38. Kf4 Rxg2 39.
Ke5 Kc6 40. Be7 Rg3 41. Kd4 Rg4+ 42. Ke5 Rg3 43. Kd4 Be6 44. Re5 Rg4+ 45. Re4
Rg1 46. Ke5 b5 47. Rf4 Bc4 48. Rd4 Re1+ 49. Re4 Rf1 50. Rf4 Re1+ 51. Re4 Rh1
52. Rd4 Bd5 53. Kf6 Rf1+ 54. Kg7 Rf5 55. Rd1 Kd7 56. Re1 Be6 57. Bf6 Rf2 58.
Rd1+ Kc6 59. Be7 Rh2 60. Rd3 Bc4 61. Rd4 Rh3 62. Bb4 Rg3 63. Kf6 Rf3+ 64. Kg5
Bd5 65. Rf4 Rg3+ 66. Kf6 Rg4 67. Ke5 Rg1 68. Kf6 Be6 69. Be7 Rd1 70. Rd4 Rf1+
71. Kg5 Rf5+ 72. Kh6 Rf3 73. Bb4 Bd5 74. Kg5 Rf5+ 75. Kh6 Rf1 76. Kg5 Rg1+ 77.
Kf6 Rg4 78. Ke5 Rg1 79. Kf6 Rf1+ 80. Kg5 Rf5+ 81. Kh6 Kd7 82. Rd1 Ke6 83. Re1+
Re5 84. Rf1 Re4 85. Kg7 Rxh4 86. Rf6+ Ke5 87. Rb6 Bc4 88. Kh6 Rg4 89. Rb8 h4
90. Rd8 h3 91. Kg7 Rg2 92. Rh8 Be6 93. Ba5 g5 94. Rh5 Ke4 95. Kf6 g4 96. Re5+
Kd3 97. Rxb5 h2 98. Rh5 g3 99. Bc7 Rg1 100. Bxg3 Rxg3 101. Rxh2 Kxc3 102. Rh4
Kb3 0-1

[Event "24. Aberto Xadrez Albariño"]
[Site "Cambados ESP"]
[Date "2008.08.07"]
[Round "7.12"]
[White "Chesa Chavarria, Aurelio"]
[Black "Fernandez de Pablo, Miguel A"]
[Result "0-1"]
[WhiteElo "1919"]
[BlackElo "2232"]
[PlyCount "64"]
[EventDate "2008.08.01"]
[EventType "swiss"]
[EventRounds "9"]
[EventCountry "ESP"]
[Source "lmi"]
[SourceDate "2008.08.01"]

1. d4 Nf6 2. c4 g6 3. Nc3 Bg7 4. e4 d6 5. Be2 O-O 6. Nf3 Nbd7 7. O-O e5 8. d5
h6 9. Ne1 Nc5 10. f3 a5 11. b3 Nh7 12. Be3 f5 13. a3 Nf6 14. b4 axb4 15. axb4
Rxa1 16. Qxa1 Nb3 17. Qd1 Nd4 18. Nc2 Nxe2+ 19. Qxe2 f4 20. Bf2 g5 21. Ra1 g4
22. Ra8 Qe8 23. Nb5 Qg6 24. Kh1 Nh5 25. Ne1 Kh7 26. Nxc7 g3 27. Bg1 gxh2 28.
Bxh2 Ng3+ 29. Bxg3 fxg3 30. f4 Rxf4 31. Nf3 Rxe4 32. Qd3 Rh4+ 0-1

[Event "24. Aberto Xadrez Albariño"]
[Site "Cambados ESP"]
[Date "2008.08.07"]
[Round "7.13"]
[White "Salgado Gonzalez, Julio"]
[Black "Trigo Urquijo, Sergio"]
[Result "0-1"]
[WhiteElo "1916"]
[BlackElo "2200"]
[PlyCount "90"]
[EventDate "2008.08.01"]
[EventType "swiss"]
[EventRounds "9"]
[EventCountry "ESP"]
[Source "lmi"]
[SourceDate "2008.08.01"]

1. d4 d6 2. Bf4 Nf6 3. e3 c6 4. Nd2 g6 5. h3 Bg7 6. Ngf3 O-O 7. Bc4 Nbd7 8. O-O
d5 9. Bd3 c5 10. c3 Re8 11. Bh2 b6 12. Qe2 Bb7 13. b4 Ne4 14. Rac1 e6 15. Bb5
a6 16. Bxd7 Qxd7 17. Nxe4 dxe4 18. Ne5 Qb5 19. Qxb5 axb5 20. bxc5 bxc5 21. dxc5
Bd5 22. c4 Bxe5 23. cxd5 Bxh2+ 24. Kxh2 exd5 25. Rfd1 Red8 26. c6 Rac8 27. Rc5
b4 28. Rd4 Rd6 29. Rxb4 Rcxc6 30. Rxc6 Rxc6 31. a4 Ra6 32. Kg3 Kg7 33. f3 f5
34. f4 Kf6 35. h4 h6 36. Rd4 Ke6 37. Kf2 Kd6 38. Ke2 Kc5 39. Kd2 Rb6 40. Kc2
Rb4 41. Rxb4 Kxb4 42. a5 Kxa5 43. Kc3 Kb5 44. Kd4 Kc6 45. Ke5 h5 0-1

[Event "24. Aberto Xadrez Albariño"]
[Site "Cambados ESP"]
[Date "2008.08.07"]
[Round "7.14"]
[White "Bouza-Brey Teijeiro, Gonzalo"]
[Black "Torres Dominguez, David"]
[Result "0-1"]
[WhiteElo "1904"]
[BlackElo "2134"]
[PlyCount "66"]
[EventDate "2008.08.01"]
[EventType "swiss"]
[EventRounds "9"]
[EventCountry "ESP"]
[Source "lmi"]
[SourceDate "2008.08.01"]

1. e4 e5 2. Nf3 Nc6 3. Bc4 Bc5 4. c3 Nf6 5. d4 exd4 6. cxd4 Bb4+ 7. Nc3 Nxe4 8.
O-O Bxc3 9. d5 Bf6 10. Re1 Ne7 11. Rxe4 d6 12. Bg5 Bxg5 13. Nxg5 h6 14. Qe2
hxg5 15. Re1 Be6 16. dxe6 f5 17. Re3 g4 18. h3 d5 19. Bb5+ c6 20. Bd3 Qd6 21.
Re5 gxh3 22. Bxf5 hxg2 23. Qg4 O-O-O 24. f4 Rh1+ 25. Kxg2 Rxe1 26. Rxe1 Qb4 27.
Re2 Rf8 28. a3 Qd4 29. Re5 Rxf5 30. Qxg7 Rxf4 31. Qxe7 Rf2+ 32. Kh3 Rf3+ 33.
Kg2 Qf2+ 0-1

[Event "24. Aberto Xadrez Albariño"]
[Site "Cambados ESP"]
[Date "2008.08.07"]
[Round "7.15"]
[White "Pena Torres, Jose Carlos"]
[Black "Bazal Bouzas, Xose Henrique"]
[Result "1/2-1/2"]
[WhiteElo "2143"]
[BlackElo "1757"]
[PlyCount "76"]
[EventDate "2008.08.01"]
[EventType "swiss"]
[EventRounds "9"]
[EventCountry "ESP"]
[Source "lmi"]
[SourceDate "2008.08.01"]

1. e4 d5 2. exd5 Qxd5 3. d4 Nf6 4. c4 Qd8 5. Nc3 e6 6. Nf3 c5 7. d5 exd5 8.
cxd5 Bd6 9. Bd3 O-O 10. O-O Bg4 11. Bg5 h6 12. Bh4 g5 13. Bg3 Bxg3 14. fxg3
Nbd7 15. Qc2 Qc7 16. Rad1 Kg7 17. Bf5 Rae8 18. d6 Qc6 19. h3 Bxf5 20. Qxf5 Re6
21. Nxg5 hxg5 22. Qxg5+ Kh8 23. Rf4 Nh7 24. Rh4 Rg8 25. Qf5 Rg7 26. Ne4 Reg6
27. g4 c4 28. Re1 Re6 29. g5 Kg8 30. Rf1 Rxe4 31. Rxe4 Nxg5 32. Re8+ Nf8 33. d7
Nge6 34. Rf2 Qxd7 35. Ra8 Qd4 36. Kh1 Qd1+ 37. Kh2 Qd6+ 38. Kg1 Qd1+ 1/2-1/2

[Event "24. Aberto Xadrez Albariño"]
[Site "Cambados ESP"]
[Date "2008.08.07"]
[Round "7.16"]
[White "Prado Garcia, Alejandro"]
[Black "De Dios Alija, Rafael"]
[Result "0-1"]
[WhiteElo "1885"]
[BlackElo "2023"]
[PlyCount "61"]
[EventDate "2008.08.01"]
[EventType "swiss"]
[EventRounds "9"]
[EventCountry "ESP"]
[Source "lmi"]
[SourceDate "2008.08.01"]

1. e4 d5 2. exd5 Nf6 3. d4 Bg4 4. Be2 Bxe2 5. Nxe2 Qxd5 6. O-O Nc6 7. Bf4 O-O-O
8. Nbc3 Qf5 9. Be3 Kb8 10. Ng3 Qg6 11. Qe2 h5 12. Rfd1 e6 13. f3 Nd5 14. Nxd5
exd5 15. c4 Re8 16. Rac1 h4 17. Nf1 Bd6 18. c5 Bf4 19. Rc3 Re6 20. Qd2 Rhe8 21.
Kf2 Bh6 22. Re1 f5 23. Kg1 h3 24. Qf2 f4 25. Bd2 Rxe1 26. Bxe1 Rxe1 27. Rc2
Qxg2+ 28. Qxg2 hxg2 29. Rxg2 Nxd4 30. Rd2 Nxf3+ 31. Kf2 0-1

[Event "24. Aberto Xadrez Albariño"]
[Site "Cambados ESP"]
[Date "2008.08.07"]
[Round "7.17"]
[White "Buil Montanes, Carlos"]
[Black "Sanchez De Leon Menendez, Rafael"]
[Result "0-1"]
[WhiteElo "1882"]
[BlackElo "1932"]
[PlyCount "71"]
[EventDate "2008.08.01"]
[EventType "swiss"]
[EventRounds "9"]
[EventCountry "ESP"]
[Source "lmi"]
[SourceDate "2008.08.01"]

1. c4 e5 2. g3 Nf6 3. Bg2 c6 4. d4 exd4 5. Qxd4 Be7 6. Nc3 O-O 7. e3 d6 8. Nge2
Nbd7 9. O-O Nc5 10. Nf4 Re8 11. b3 Bf8 12. Bb2 Bf5 13. f3 Qc7 14. e4 Be6 15.
Kh1 a5 16. Nxe6 Nxe6 17. Qd2 Rad8 18. Rac1 Nd7 19. Ne2 Ne5 20. Nf4 Nxf4 21.
gxf4 Ng6 22. f5 Ne5 23. f4 Nd7 24. Qe2 Nc5 25. f6 g6 26. h4 Qd7 27. Rc3 Nxe4
28. Bxe4 d5 29. cxd5 cxd5 30. h5 Rxe4 31. Qg2 Qf5 32. hxg6 fxg6 33. Rc7 d4 34.
f7+ Kg7 35. Rd1 Qxf4 36. Rf1 0-1

[Event "24. Aberto Xadrez Albariño"]
[Site "Cambados ESP"]
[Date "2008.08.07"]
[Round "7.18"]
[White "Minguela Muñoz, Bienvenido"]
[Black "Campelo Bermudez, Javier"]
[Result "1-0"]
[WhiteElo "1917"]
[BlackElo "1870"]
[PlyCount "69"]
[EventDate "2008.08.01"]
[EventType "swiss"]
[EventRounds "9"]
[EventCountry "ESP"]
[Source "lmi"]
[SourceDate "2008.08.01"]

1. Nf3 Nf6 2. b3 g6 3. Bb2 Bg7 4. g3 O-O 5. Bg2 Nc6 6. O-O b6 7. c4 Bb7 8. d4
e6 9. Nbd2 Ne7 10. Qc2 c5 11. e4 cxd4 12. Nxd4 Nc6 13. Rad1 Nxd4 14. Bxd4 Qe7
15. e5 Bxg2 16. exf6 Bxf6 17. Bxf6 Qxf6 18. Kxg2 Rad8 19. Qe4 d5 20. cxd5 Rxd5
21. Nf3 Ra5 22. Rd2 Rc8 23. Rfd1 Rac5 24. Qh4 g5 25. Qg4 h6 26. h4 Kg7 27. hxg5
hxg5 28. Qe4 Rh8 29. Rh1 Rxh1 30. Kxh1 Rc1+ 31. Kg2 Kh6 32. Nh2 Kg7 33. Ng4 Qe7
34. Ne3 Rc8 35. Nf5+ 1-0

[Event "24. Aberto Xadrez Albariño"]
[Site "Cambados ESP"]
[Date "2008.08.07"]
[Round "7.19"]
[White "Maria Lopez, Jorge Luis"]
[Black "Galard Agustin, Tomas E"]
[Result "1-0"]
[WhiteElo "1846"]
[BlackElo "1905"]
[PlyCount "121"]
[EventDate "2008.08.01"]
[EventType "swiss"]
[EventRounds "9"]
[EventCountry "ESP"]
[Source "lmi"]
[SourceDate "2008.08.01"]

1. c4 e6 2. Nc3 c6 3. e4 e5 4. Nf3 d6 5. d4 exd4 6. Nxd4 Nf6 7. Be2 Na6 8. Bg5
Be7 9. f4 h6 10. Bh4 Nxe4 11. Nxe4 Bxh4+ 12. g3 Be7 13. Qd2 d5 14. cxd5 cxd5
15. Nc3 O-O 16. Bxa6 bxa6 17. Nc6 Qd6 18. Nxe7+ Qxe7+ 19. Qe2 Qb4 20. a3 Qb3
21. Rd1 Bb7 22. O-O Rfd8 23. Rd4 Qb6 24. Qf2 Rab8 25. Re1 Rd7 26. h3 Bc6 27.
Re2 Rbd8 28. Kh2 Qc5 29. Red2 h5 30. Qe2 h4 31. Qxa6 hxg3+ 32. Kxg3 Rd6 33. Kh2
Re8 34. Qd3 Rf6 35. Nxd5 Rh6 36. Rc2 Qd6 37. Nb4 Qc7 38. Rdc4 Ree6 39. Qc3 Ref6
40. Nxc6 Rxf4 41. Ne7+ Qxe7 42. Rxf4 g5 43. Rg4 Re6 44. Qg3 Re2+ 45. Rxe2 Qxe2+
46. Qg2 Qe5+ 47. Rg3 f6 48. Qc2 Kg7 49. Kg2 Qd5+ 50. Kf2 Qd4+ 51. Kg2 Qd5+ 52.
Kh2 Qe5 53. Qg2 Kh6 54. Kh1 Qe1+ 55. Qg1 Qe4+ 56. Kh2 Qe5 57. b3 a5 58. Qe3 Qd6
59. h4 Kh5 60. hxg5 Kh4 61. Qe4+ 1-0

[Event "24. Aberto Xadrez Albariño"]
[Site "Cambados ESP"]
[Date "2008.08.07"]
[Round "7.20"]
[White "Lago Fernandez, Fernando"]
[Black "Mougan Gonzalez, Santiago"]
[Result "1/2-1/2"]
[WhiteElo "1965"]
[BlackElo "1730"]
[PlyCount "68"]
[EventDate "2008.08.01"]
[EventType "swiss"]
[EventRounds "9"]
[EventCountry "ESP"]
[Source "lmi"]
[SourceDate "2008.08.01"]

1. e4 c5 2. c3 d5 3. exd5 Qxd5 4. d4 Nf6 5. Nf3 Bg4 6. Be2 e6 7. h3 Bh5 8. O-O
Nc6 9. Be3 cxd4 10. cxd4 Be7 11. Nc3 Qa5 12. Qb3 Qb4 13. Qc2 O-O 14. a3 Qa5 15.
Qb3 Rfc8 16. Rfd1 Nd5 17. Nxd5 Qxd5 18. Bc4 Qf5 19. Bd3 Na5 20. Qa2 Qd5 21.
Qxd5 exd5 22. g4 Bg6 23. Bxg6 hxg6 24. Rac1 Nc4 25. Rc2 Rc6 26. Bc1 Rac8 27. a4
Nd2 28. Rcxd2 Rxc1 29. Rxc1 Rxc1+ 30. Kg2 Ra1 31. Re2 Kf8 32. Rc2 Ke8 33. b3
Rb1 34. Rc3 f6 1/2-1/2

[Event "24. Aberto Xadrez Albariño"]
[Site "Cambados ESP"]
[Date "2008.08.07"]
[Round "7.21"]
[White "Otero Chaves, Carlos Miguel"]
[Black "Diz Suarez, Carlos"]
[Result "1-0"]
[WhiteElo "1903"]
[BlackElo "1689"]
[PlyCount "71"]
[EventDate "2008.08.01"]
[EventType "swiss"]
[EventRounds "9"]
[EventCountry "ESP"]
[Source "lmi"]
[SourceDate "2008.08.01"]

1. e4 e5 2. Nf3 Nc6 3. Bb5 a6 4. Ba4 b5 5. Bb3 d6 6. d4 Be7 7. Bd5 Bd7 8. dxe5
dxe5 9. c4 Nf6 10. cxb5 axb5 11. Qe2 O-O 12. Be3 Nxd5 13. exd5 Nb4 14. Nxe5 Bf5
15. O-O Qxd5 16. f4 Nc2 17. Nc3 Qb7 18. Rad1 Nxe3 19. Qxe3 Be6 20. a3 b4 21.
axb4 Qxb4 22. Qg3 Qxb2 23. f5 Bb3 24. Rb1 Qc2 25. Nd7 Rfd8 26. f6 Bf8 27. Nxf8
Kxf8 28. Qxg7+ Ke8 29. Rfe1+ Be6 30. Rxe6+ Kd7 31. Qxf7+ Kc8 32. Rc6 Ra7 33.
Qe6+ Rd7 34. Qe8+ Rd8 35. Rb8+ Kxb8 36. Qxd8+ 1-0

[Event "24. Aberto Xadrez Albariño"]
[Site "Cambados ESP"]
[Date "2008.08.07"]
[Round "7.22"]
[White "Montero Garcia, Francisco Javier"]
[Black "Palacios Gonzalez, Miguel"]
[Result "1-0"]
[WhiteElo "1870"]
[BlackElo "1588"]
[PlyCount "131"]
[EventDate "2008.08.01"]
[EventType "swiss"]
[EventRounds "9"]
[EventCountry "ESP"]
[Source "lmi"]
[SourceDate "2008.08.01"]

1. d4 f5 2. e4 fxe4 3. Nc3 Nf6 4. Bg5 g6 5. Bc4 Bg7 6. f3 e3 7. Qe2 c6 8. Qxe3
d5 9. Bd3 O-O 10. Nge2 Re8 11. O-O-O b5 12. h4 b4 13. Na4 Ba6 14. h5 Bxd3 15.
Qxd3 Nxh5 16. g4 Nf6 17. Nf4 e5 18. Nxg6 e4 19. fxe4 Rxe4 20. Ne5 Qa5 21. Nc5
Qxa2 22. Bxf6 Bxf6 23. Nxe4 dxe4 24. Qb3+ Qxb3 25. cxb3 c5 26. g5 Bg7 27. g6
hxg6 28. Rdg1 cxd4 29. Rxg6 Kf8 30. Nc4 Kf7 31. Rhg1 Bf6 32. Nd6+ Ke7 33. Nxe4
Nd7 34. Nxf6 Nxf6 35. Rf1 Nd5 36. Kd2 Ne3 37. Rff6 Ng4 38. Re6+ Kf7 39. Rd6 Ne5
40. Rgf6+ Kg7 41. Rf5 Re8 42. Rxd4 Kg6 43. Rxe5 Rxe5 44. Rxb4 Kf6 45. Kc3 Ke6
46. Ra4 a5 47. b4 axb4+ 48. Rxb4 Kd6 49. Rc4 Re3+ 50. Kb4 Re5 51. Ka4 Kd5 52.
b3 Rh5 53. Kb5 Kd6+ 54. Kb6 Rh3 55. b4 Rb3 56. b5 Kd7 57. Ka6 Ra3+ 58. Kb7 Rb3
59. Rd4+ Ke6 60. b6 Ke7 61. Kc7 Rc3+ 62. Kb8 Rb3 63. b7 Ke8 64. Ra4 Kd8 65. Ka7
Kc7 66. Rc4+ 1-0

[Event "24. Aberto Xadrez Albariño"]
[Site "Cambados ESP"]
[Date "2008.08.07"]
[Round "7.23"]
[White "Alonso Gonzalez, Fernando"]
[Black "Abal Cores, Lucas"]
[Result "1-0"]
[WhiteElo "1836"]
[BlackElo "1566"]
[PlyCount "129"]
[EventDate "2008.08.01"]
[EventType "swiss"]
[EventRounds "9"]
[EventCountry "ESP"]
[Source "lmi"]
[SourceDate "2008.08.01"]

1. e4 e5 2. Nf3 Nc6 3. Bb5 Bc5 4. c3 Nf6 5. Bxc6 dxc6 6. Nxe5 O-O 7. d4 Re8 8.
O-O Bd6 9. Nxc6 bxc6 10. e5 Ba6 11. Re1 Bxe5 12. dxe5 Rxe5 13. h3 Rxe1+ 14.
Qxe1 Rb8 15. b3 Qd3 16. Be3 Re8 17. c4 c5 18. Nc3 Ne4 19. Nd5 Bb7 20. Rd1 Qc2
21. Nxc7 Rc8 22. Nd5 Bxd5 23. Rxd5 Qxa2 24. Qd1 Qa5 25. Qg4 Re8 26. Qf5 Qc7 27.
Rd7 Nd6 28. Rxc7 Nxf5 29. Rxc5 Nxe3 30. fxe3 Kf8 31. Kf2 a6 32. Ra5 Rb8 33. Ra3
Ke7 34. Ke2 a5 35. Kd3 Rb6 36. Kc3 Re6 37. Rxa5 Rxe3+ 38. Kb4 Re2 39. Rg5 Kf6
40. Rg3 g6 41. c5 Ke6 42. Kc3 Kd5 43. b4 Re1 44. Rd3+ Kc6 45. Rd6+ Kc7 46. Kc4
Re2 47. g4 Rh2 48. Rd3 f5 49. gxf5 gxf5 50. Rf3 h5 51. Kd5 h4 52. Ke5 Rb2 53.
Rf4 Rb3 54. Rxh4 f4 55. Rxf4 Rxh3 56. Kd5 Rh1 57. Rf7+ Kb8 58. c6 Rd1+ 59. Kc5
Rb1 60. b5 Kc8 61. Rf8+ Kc7 62. b6+ Rxb6 63. Rf7+ Kc8 64. Kxb6 Kb8 65. Rf8# 1-0

[Event "24. Aberto Xadrez Albariño"]
[Site "Cambados ESP"]
[Date "2008.08.07"]
[Round "7.25"]
[White "Elizondo Market, Juan Marcos"]
[Black "Iglesias Iglesias, Jose Manuel"]
[Result "1-0"]
[WhiteElo "2070"]
[BlackElo "1787"]
[PlyCount "99"]
[EventDate "2008.08.01"]
[EventType "swiss"]
[EventRounds "9"]
[EventCountry "ESP"]
[Source "lmi"]
[SourceDate "2008.08.01"]

1. e4 d6 2. d4 Nf6 3. Nc3 g6 4. f4 Bg7 5. Nf3 O-O 6. Bd3 a5 7. O-O Na6 8. Qe2
c5 9. d5 Bd7 10. e5 Ne8 11. e6 fxe6 12. dxe6 Bc6 13. Ng5 Nb4 14. f5 Nxd3 15.
Qxd3 Nf6 16. fxg6 h5 17. Nf7 Qb6 18. Kh1 d5 19. Bh6 d4 20. Bxg7 Kxg7 21. Qd2
Rh8 22. Ne2 Ng4 23. Qf4 Raf8 24. Ng3 Bxg2+ 25. Kxg2 Ne3+ 26. Kg1 Qxe6 27. Nf5+
Nxf5 28. Qxf5 Qxf5 29. Rxf5 Rhg8 30. Raf1 Kxg6 31. Ne5+ Kh6+ 32. Kh1 Rxf5 33.
Rxf5 Rg7 34. Nd3 b6 35. Nf4 Rg5 36. Rxg5 Kxg5 37. Nd5 e5 38. a4 c4 39. Kg2 Kf5
40. Nxb6 d3 41. cxd3 cxd3 42. Kf3 h4 43. Nc4 e4+ 44. Kf2 Kf4 45. b4 axb4 46. a5
b3 47. a6 e3+ 48. Ke1 Kf3 49. a7 d2+ 50. Nxd2+ 1-0

[Event "24. Aberto Xadrez Albariño"]
[Site "Cambados ESP"]
[Date "2008.08.07"]
[Round "7.26"]
[White "Outeiro Padin, Heladio"]
[Black "Maneiro Blanco, Jose"]
[Result "1/2-1/2"]
[WhiteElo "1916"]
[BlackElo "1695"]
[PlyCount "56"]
[EventDate "2008.08.01"]
[EventType "swiss"]
[EventRounds "9"]
[EventCountry "ESP"]
[Source "lmi"]
[SourceDate "2008.08.01"]

1. d4 c5 2. c4 cxd4 3. Nf3 Nc6 4. Nxd4 g6 5. Nc3 Bg7 6. e3 Qb6 7. Ndb5 Nf6 8.
Na4 Qd8 9. Bd2 Ne4 10. Nac3 Nxd2 11. Qxd2 O-O 12. Be2 a6 13. Nd4 Qb6 14. Nd5
Qd8 15. O-O e6 16. Nc3 Qc7 17. Rac1 b6 18. Rfd1 Bb7 19. Bf3 Rfd8 20. a3 Rac8
21. Nxc6 Bxc6 22. Bxc6 dxc6 23. Qc2 Qe5 24. Rd3 Qc7 25. Rcd1 Rxd3 26. Rxd3 Rd8
27. Qd2 Rxd3 28. Qxd3 h5 1/2-1/2

[Event "24. Aberto Xadrez Albariño"]
[Site "Cambados ESP"]
[Date "2008.08.07"]
[Round "7.27"]
[White "Farto Orozco, David"]
[Black "Otero Ramirez, Angel"]
[Result "0-1"]
[WhiteElo "1787"]
[BlackElo "1806"]
[PlyCount "138"]
[EventDate "2008.08.01"]
[EventType "swiss"]
[EventRounds "9"]
[EventCountry "ESP"]
[Source "lmi"]
[SourceDate "2008.08.01"]

1. b4 Nf6 2. Bb2 g6 3. c4 Bg7 4. Nf3 d6 5. e3 c5 6. a3 O-O 7. Be2 Nbd7 8. O-O
Qb6 9. Nc3 cxb4 10. Na4 Qc7 11. axb4 Nb6 12. Qb3 Nxa4 13. Rxa4 Bd7 14. Ra5 a6
15. Rfa1 Ne4 16. Bxg7 Kxg7 17. b5 Qb6 18. Qa3 Bc8 19. Ne1 Kg8 20. d3 Nc5 21. d4
Nd7 22. Nc2 e5 23. dxe5 dxe5 24. Nb4 Nc5 25. Nd5 Qd6 26. Rd1 b6 27. Ra4 Qb8 28.
Nf6+ Kg7 29. Ng4 Bxg4 30. Bxg4 Nxa4 31. Qxa4 axb5 32. Qxb5 Ra5 33. Qd7 Qa7 34.
Qd6 Rc5 35. Be2 Qc7 36. Qxc7 Rxc7 37. Rb1 Rb8 38. g3 f5 39. f3 Kf6 40. h3 Ke6
41. g4 Rc5 42. Bd3 e4 43. fxe4 fxe4 44. Be2 Kd6 45. Kg2 Kc7 46. Kg3 Rf8 47. Rb2
Rc6 48. Rb1 Rcf6 49. g5 Rf2 50. Rb2 R2f5 51. h4 Ra5 52. Rc2 Ra3 53. c5 Rxe3+
54. Kg2 bxc5 55. Rxc5+ Kd6 56. Rc2 Ra3 57. Rb2 Rc3 58. Ra2 Rfc8 59. Kf2 Rc2 60.
Ra6+ R8c6 61. Ra7 Rc7 62. Ra6+ Ke5 63. Ra8 Rf7+ 64. Ke3 Rc3+ 65. Kd2 Rh3 66.
Re8+ Kf4 67. Bc4 Rd7+ 68. Ke2 Rh2+ 69. Ke1 Ra7 0-1

[Event "24. Aberto Xadrez Albariño"]
[Site "Cambados ESP"]
[Date "2008.08.07"]
[Round "7.28"]
[White "Bedoya Ramos, Hector Mario"]
[Black "Prol Lusquinos, Jose Manuel"]
[Result "1-0"]
[WhiteElo "1683"]
[BlackElo "1792"]
[PlyCount "107"]
[EventDate "2008.08.01"]
[EventType "swiss"]
[EventRounds "9"]
[EventCountry "ESP"]
[Source "lmi"]
[SourceDate "2008.08.01"]

1. d4 d5 2. e3 Nf6 3. f4 Bf5 4. Nf3 e6 5. Be2 Be7 6. O-O O-O 7. Ne5 c5 8. c3
Nc6 9. Nd2 Nd7 10. Nxd7 Qxd7 11. Nf3 f6 12. dxc5 Bxc5 13. Nd4 Nxd4 14. cxd4 Bd6
15. Bd3 Bxd3 16. Qxd3 Rac8 17. Bd2 Rc6 18. Rac1 Rfc8 19. Qb5 Qc7 20. Rxc6 bxc6
21. Qa6 Qb8 22. b3 c5 23. Rc1 Kf7 24. dxc5 Rxc5 25. Rxc5 Bxc5 26. Qc6 Qd6 27.
Qb7+ Qe7 28. Qxe7+ Kxe7 29. Kf2 e5 30. f5 e4 31. g4 Kd6 32. Bc3 Kc6 33. h4 Bf8
34. g5 Be7 35. h5 Kd7 36. a4 Ke8 37. b4 fxg5 38. b5 Kf7 39. Bd4 Bb4 40. Bxa7
Kf6 41. Bd4+ Kxf5 42. Bxg7 Kg4 43. b6 Ba5 44. b7 Bc7 45. a5 Kh3 46. a6 Bb8 47.
Be5 Bxe5 48. a7 g4 49. b8=Q g3+ 50. Kg1 d4 51. Qc8+ Kh4 52. a8=Q dxe3 53. Qxe4+
Kxh5 54. Qxe5+ 1-0

[Event "24. Aberto Xadrez Albariño"]
[Site "Cambados ESP"]
[Date "2008.08.08"]
[Round "8.1"]
[White "Starostits, Ilmars"]
[Black "Filip, Lucian"]
[Result "1/2-1/2"]
[WhiteElo "2497"]
[BlackElo "2461"]
[PlyCount "83"]
[EventDate "2008.08.01"]
[EventType "swiss"]
[EventRounds "9"]
[EventCountry "ESP"]
[Source "lmi"]
[SourceDate "2008.08.01"]

1. e4 c5 2. Nf3 e6 3. Nc3 Nc6 4. Bb5 Nd4 5. Nxd4 cxd4 6. Ne2 Qg5 7. Bd3 Qxg2 8.
Ng3 Qh3 9. c3 Bc5 10. b4 Bb6 11. Bb2 d5 12. Qe2 Nf6 13. Bb5+ Kf8 14. e5 Ng8 15.
cxd4 Qh4 16. Qe3 Ne7 17. Rc1 Nf5 18. Nxf5 exf5 19. Rg1 Be6 20. a4 g6 21. Qg3
Qxg3 22. Rxg3 a6 23. Bf1 Bd7 24. Bg2 Bxa4 25. Bxd5 Rd8 26. Bxb7 Bxd4 27. Bxd4
Rxd4 28. Rc7 Bb5 29. Rgc3 Kg7 30. e6 Kf6 31. exf7 Rf8 32. Bxa6 Rxb4 33. d3 Bxa6
34. R3c6+ Kg7 35. Rxa6 Rh4 36. Raa7 Rxh2 37. Ke2 h5 38. d4 Rh4 39. Kd3 Rh1 40.
Ke2 Rh4 41. Kd3 Rh1 42. Ke2 1/2-1/2

[Event "24. Aberto Xadrez Albariño"]
[Site "Cambados ESP"]
[Date "2008.08.08"]
[Round "8.2"]
[White "Ramiro Ovejero, Juan Luis"]
[Black "Berbatov, Kiprian"]
[Result "1-0"]
[WhiteElo "2370"]
[BlackElo "2250"]
[PlyCount "59"]
[EventDate "2008.08.01"]
[EventType "swiss"]
[EventRounds "9"]
[EventCountry "ESP"]
[Source "lmi"]
[SourceDate "2008.08.01"]

1. e4 c5 2. Nf3 e6 3. c4 Nc6 4. Nc3 e5 5. d3 d6 6. Be2 Nge7 7. a3 g6 8. Nd5 Bg7
9. b4 O-O 10. bxc5 dxc5 11. Be3 Nd4 12. Nxd4 cxd4 13. Nxe7+ Qxe7 14. Bd2 Qc7
15. O-O f5 16. Bf3 Bd7 17. exf5 gxf5 18. Bd5+ Kh8 19. f4 Rae8 20. fxe5 Bxe5 21.
Qh5 f4 22. Be4 Bc8 23. Rae1 Qg7 24. h3 Rg8 25. Re2 Bb8 26. Bxf4 Bxf4 27. Rxf4
Re5 28. Qf7 Qh6 29. Bd5 Reg5 30. Re8 1-0